00545nam a2200157Ia 45000010006000000050017000060080041000230410008000640820024000721000047000962450191001432600009003343000028003436500008003716540008003792460520260414151054.0260414t2017||||xx |||||||||||||| ||spa|| aESP a345.721bB141 V. 44 aDelgado Menéndez, María AntonietaeAUT 0aArbitraje :bautonomía de la voluntad, ley de contrato y normas internacionales imperativas. La ley peruana a la luz de las tendencias del derecho internacional privado contemporáneo c2017 a206 páginas :c24 cm. aDER aCDE